Từ điển lịch sử : Dùng cho học sinh - sinh viên
Giải thích các khái niệm cơ bản, các sự kiện nổi bật, các nhân vật tiêu biểu của Việt Nam và thế giới gắn với chương trình môn lịch sử trong nhà trường các cấp
Bewaard in:
| Hoofdauteur: | |
|---|---|
| Formaat: | Boek |
| Taal: | Undetermined |
| Gepubliceerd in: |
Hà Nội
Giáo dục Việt Nam
2010
|
| Onderwerpen: | |
| Tags: |
Voeg label toe
Geen labels, Wees de eerste die dit record labelt!
|
| Thư viện lưu trữ: | Trung tâm Học liệu Trường Đại học Cần Thơ |
|---|
| LEADER | 00873nam a2200217Ia 4500 | ||
|---|---|---|---|
| 001 | CTU_183827 | ||
| 008 | 210402s9999 xx 000 0 und d | ||
| 020 | |c 107000 | ||
| 082 | |a 903 | ||
| 082 | |b H100 | ||
| 100 | |a Lê, Đình Hà | ||
| 245 | 0 | |a Từ điển lịch sử : | |
| 245 | 0 | |b Dùng cho học sinh - sinh viên | |
| 245 | 0 | |c Lê Đình Hà, Lê Minh (chủ biên) | |
| 260 | |a Hà Nội | ||
| 260 | |b Giáo dục Việt Nam | ||
| 260 | |c 2010 | ||
| 520 | |a Giải thích các khái niệm cơ bản, các sự kiện nổi bật, các nhân vật tiêu biểu của Việt Nam và thế giới gắn với chương trình môn lịch sử trong nhà trường các cấp | ||
| 650 | |a History,Lịch sử | ||
| 904 | |i Hải | ||
| 980 | |a Trung tâm Học liệu Trường Đại học Cần Thơ | ||